<?xml version="1.0" encoding="UTF-8"?>
<record
    xmlns:xsi="http://www.w3.org/2001/XMLSchema-instance"
    xsi:schemaLocation="http://www.loc.gov/MARC21/slim http://www.loc.gov/standards/marcxml/schema/MARC21slim.xsd"
    xmlns="http://www.loc.gov/MARC21/slim">

  <leader>01909nam0a2200385   4500</leader>
  <controlfield tag="001">RU\NLR\bibl\319782</controlfield>
  <controlfield tag="005">20260407073617.0</controlfield>
  <datafield tag="010" ind1=" " ind2=" ">
    <subfield code="a">5-86170-012-5</subfield>
    <subfield code="9">200</subfield>
  </datafield>
  <datafield tag="021" ind1=" " ind2=" ">
    <subfield code="a">RU</subfield>
    <subfield code="b">2002-31089</subfield>
    <subfield code="9">1540</subfield>
  </datafield>
  <datafield tag="035" ind1=" " ind2=" ">
    <subfield code="a">(NLR Aleph) 000314843</subfield>
  </datafield>
  <datafield tag="090" ind1=" " ind2=" ">
    <subfield code="a">60353</subfield>
    <subfield code="c">60353</subfield>
  </datafield>
  <datafield tag="100" ind1=" " ind2=" ">
    <subfield code="a">20021008d2002    |||y0rusy50      ca</subfield>
  </datafield>
  <datafield tag="101" ind1="0" ind2=" ">
    <subfield code="a">rus</subfield>
  </datafield>
  <datafield tag="102" ind1=" " ind2=" ">
    <subfield code="a">RU</subfield>
  </datafield>
  <datafield tag="105" ind1=" " ind2=" ">
    <subfield code="a">a   |||||||||</subfield>
  </datafield>
  <datafield tag="200" ind1="1" ind2=" ">
    <subfield code="a">&#x411;&#x435;&#x43B;&#x430;&#x44F; &#x43A;&#x43D;&#x438;&#x433;&#x430; &#x430;&#x432;&#x442;&#x43E;&#x43C;&#x43E;&#x431;&#x438;&#x43B;&#x44C;&#x43D;&#x44B;&#x445; &#x434;&#x43E;&#x440;&#x43E;&#x433; &#x41E;&#x440;&#x435;&#x43D;&#x431;&#x443;&#x440;&#x433;&#x441;&#x43A;&#x43E;&#x439; &#x43E;&#x431;&#x43B;&#x430;&#x441;&#x442;&#x438;</subfield>
    <subfield code="e">&#x421;&#x442;&#x440;&#x430;&#x442;&#x435;&#x433;&#x438;&#x44F; &#x440;&#x430;&#x437;&#x432;&#x438;&#x442;&#x438;&#x44F; &#x430;&#x432;&#x442;&#x43E;&#x434;&#x43E;&#x440;&#x43E;&#x433; &#x41E;&#x440;&#x435;&#x43D;&#x431;&#x443;&#x440;&#x433;. &#x43E;&#x431;&#x43B;. &#x441; &#x443;&#x447;&#x435;&#x442;&#x43E;&#x43C; &#x43F;&#x440;&#x438;&#x43E;&#x440;&#x438;&#x442;&#x435;&#x442;&#x430; &#x438;&#x43D;&#x442;&#x435;&#x440;&#x435;&#x441;&#x43E;&#x432; &#x442;&#x435;&#x440;&#x440;&#x438;&#x442;&#x43E;&#x440;&#x438;&#x438; &#x434;&#x43E; 2030 &#x433;.</subfield>
    <subfield code="f">[&#x41A;.&#x433;.&#x43D;. &#x411;&#x443;&#x433;&#x440;&#x43E;&#x43C;&#x435;&#x43D;&#x43A;&#x43E; &#x412;.&#x41D;., &#x411;&#x43B;&#x430;&#x436;&#x43D;&#x43E;&#x432; &#x420;.&#x412;.]</subfield>
    <subfield code="g">&#x41D;&#x430;&#x443;&#x447;. &#x444;&#x438;&#x440;&#x43C;&#x430; "&#x413;&#x435;&#x43E;&#x433;&#x440;. &#x43A;&#x43E;&#x43C;&#x43C;&#x443;&#x43D;&#x438;&#x43A;&#x430;&#x446;&#x438;&#x438;"</subfield>
    <subfield code="g">[&#x410;&#x434;&#x43C;&#x438;&#x43D;&#x438;&#x441;&#x442;&#x440;&#x430;&#x446;&#x438;&#x44F; &#x41E;&#x440;&#x435;&#x43D;&#x431;&#x443;&#x440;&#x433;. &#x43E;&#x431;&#x43B;., &#x413;&#x43B;. &#x443;&#x43F;&#x440;. &#x434;&#x43E;&#x440;&#x43E;&#x436;. &#x445;&#x43E;&#x437;-&#x432;&#x430;]</subfield>
  </datafield>
  <datafield tag="210" ind1=" " ind2=" ">
    <subfield code="a">&#x41C;.</subfield>
    <subfield code="c">&#x413;&#x435;&#x43E;&#x433;&#x440;&#x430;&#x43A;&#x43E;&#x43C;</subfield>
    <subfield code="c">&#x42D;&#x43F;&#x438;&#x444;&#x430;&#x43D;&#x438;&#x44F;</subfield>
    <subfield code="d">2002</subfield>
  </datafield>
  <datafield tag="215" ind1=" " ind2=" ">
    <subfield code="a">122 &#x441;., [3] &#x43B;. &#x438;&#x43B;.</subfield>
    <subfield code="c">&#x438;&#x43B;.</subfield>
    <subfield code="d">21</subfield>
  </datafield>
  <datafield tag="300" ind1=" " ind2=" ">
    <subfield code="a">&#x410;&#x432;&#x442;. &#x443;&#x43A;&#x430;&#x437;&#x430;&#x43D;&#x44B; &#x43D;&#x430; &#x43E;&#x431;&#x43E;&#x440;&#x43E;&#x442;&#x435; &#x442;&#x438;&#x442;. &#x43B;.</subfield>
  </datafield>
  <datafield tag="606" ind1="0" ind2=" ">
    <subfield code="a">&#x410;&#x432;&#x442;&#x43E;&#x43C;&#x43E;&#x431;&#x438;&#x43B;&#x44C;&#x43D;&#x44B;&#x435; &#x445;&#x43E;&#x437;&#x44F;&#x439;&#x441;&#x442;&#x432;&#x430;</subfield>
    <subfield code="y">&#x41E;&#x440;&#x435;&#x43D;&#x431;&#x443;&#x440;&#x433;&#x441;&#x43A;&#x430;&#x44F; &#x43E;&#x431;&#x43B;.</subfield>
    <subfield code="9">2264198</subfield>
    <subfield code="3">RU\NLR\auth\661357384</subfield>
  </datafield>
  <datafield tag="610" ind1="0" ind2=" ">
    <subfield code="a">&#x410;&#x432;&#x442;&#x43E;&#x43C;&#x43E;&#x431;&#x438;&#x43B;&#x44C;&#x43D;&#x44B;&#x435; &#x434;&#x43E;&#x440;&#x43E;&#x433;&#x438;</subfield>
  </datafield>
  <datafield tag="610" ind1="0" ind2=" ">
    <subfield code="a">&#x41E;&#x440;&#x435;&#x43D;&#x431;&#x443;&#x440;&#x433;&#x441;&#x43A;&#x430;&#x44F; &#x43E;&#x431;&#x43B;., &#x430;&#x432;&#x442;&#x43E;&#x43C;&#x43E;&#x431;&#x438;&#x43B;. &#x434;&#x43E;&#x440;&#x43E;&#x433;&#x438;</subfield>
  </datafield>
  <datafield tag="675" ind1=" " ind2=" ">
    <subfield code="a">625.7/.8(470.56)</subfield>
    <subfield code="v">3</subfield>
    <subfield code="z">rus</subfield>
  </datafield>
  <datafield tag="686" ind1=" " ind2=" ">
    <subfield code="a">73.31</subfield>
    <subfield code="2">rugasnti</subfield>
  </datafield>
  <datafield tag="686" ind1=" " ind2=" ">
    <subfield code="a">39.311</subfield>
    <subfield code="2">rubbk</subfield>
  </datafield>
  <datafield tag="686" ind1=" " ind2=" ">
    <subfield code="a">&#x423;37(2)32(2&#x420;-4&#x41E;&#x440;)</subfield>
  </datafield>
  <datafield tag="700" ind1=" " ind2="1">
    <subfield code="a">&#x411;&#x443;&#x433;&#x440;&#x43E;&#x43C;&#x435;&#x43D;&#x43A;&#x43E;</subfield>
    <subfield code="b">&#x412;. &#x41D;.</subfield>
    <subfield code="g">&#x412;&#x43B;&#x430;&#x434;&#x438;&#x43C;&#x438;&#x440; &#x41D;&#x438;&#x43A;&#x43E;&#x43B;&#x430;&#x435;&#x432;&#x438;&#x447;</subfield>
    <subfield code="4">070</subfield>
  </datafield>
  <datafield tag="701" ind1=" " ind2="1">
    <subfield code="a">&#x411;&#x43B;&#x430;&#x436;&#x43D;&#x43E;&#x432;</subfield>
    <subfield code="b">&#x420;. &#x412;.</subfield>
    <subfield code="4">070</subfield>
  </datafield>
  <datafield tag="712" ind1="0" ind2="2">
    <subfield code="4">570</subfield>
    <subfield code="a">"&#x413;&#x435;&#x43E;&#x433;&#x440;&#x430;&#x43A;&#x43E;&#x43C;", &#x43D;&#x430;&#x443;&#x447;. &#x438; &#x43A;&#x43E;&#x43D;&#x441;&#x430;&#x43B;&#x442;&#x438;&#x43D;&#x433;&#x43E;&#x432;&#x430;&#x44F; &#x444;&#x438;&#x440;&#x43C;&#x430;</subfield>
    <subfield code="c">&#x41C;&#x43E;&#x441;&#x43A;&#x432;&#x430;</subfield>
    <subfield code="3">RU\NLR\AUTH\8810037490</subfield>
    <subfield code="9">573696</subfield>
  </datafield>
  <datafield tag="801" ind1=" " ind2="0">
    <subfield code="a">RU</subfield>
    <subfield code="b">RKP</subfield>
    <subfield code="c">20021008</subfield>
    <subfield code="g">PSBO</subfield>
  </datafield>
  <datafield tag="801" ind1=" " ind2="1">
    <subfield code="a">RU</subfield>
    <subfield code="b">RKP</subfield>
    <subfield code="c">20021008</subfield>
  </datafield>
  <datafield tag="801" ind1=" " ind2="2">
    <subfield code="a">RU</subfield>
    <subfield code="b">NLR</subfield>
    <subfield code="c">20021114</subfield>
    <subfield code="g">rcr</subfield>
  </datafield>
  <datafield tag="942" ind1=" " ind2=" ">
    <subfield code="c">BOOK</subfield>
  </datafield>
  <datafield tag="980" ind1=" " ind2=" ">
    <subfield code="a">NB</subfield>
  </datafield>
  <datafield tag="995" ind1=" " ind2=" ">
    <subfield code="5">2002-10-15</subfield>
    <subfield code="a">ad</subfield>
    <subfield code="b">NLR01</subfield>
    <subfield code="c">NLR01</subfield>
    <subfield code="e">RF8</subfield>
    <subfield code="f">348369</subfield>
    <subfield code="k">2002-3/24665</subfield>
    <subfield code="o">0</subfield>
    <subfield code="r">BOOK</subfield>
    <subfield code="s">2002324665_</subfield>
  </datafield>
  <datafield tag="995" ind1=" " ind2=" ">
    <subfield code="5">2002-10-15</subfield>
    <subfield code="a">ad</subfield>
    <subfield code="b">NLR01</subfield>
    <subfield code="c">NLR01</subfield>
    <subfield code="e">RF8</subfield>
    <subfield code="f">348370</subfield>
    <subfield code="k">2002-3/24665</subfield>
    <subfield code="o">0</subfield>
    <subfield code="r">BOOK</subfield>
    <subfield code="s">2002324665_</subfield>
  </datafield>
</record>
